000 00365nam a2200133Ia 4500
008 220214s9999 xx 000 0 und d
022 _a0032-3918
245 0 _aPolymer News
260 _bGordon and Breach Science Publishers Inc., New York
_aUSA
310 _aM
500 _aEnding Volume & Year: 9, 1983
500 _aStarting Volume & Year: 5, 1978
942 _cBJ
999 _c9404
_d9404